[Event "Cheliabinsk Panchenko Memorial op"]
[Site "Cheliabinsk"]
[Date "2019.09.15"]
[Round "7"]
[White "Rezvy, Lev"]
[Black "Aloyan, Mikhail"]
[Result "0-1"]
[WhiteElo "2046"]
[BlackElo "1710"]
[PlyCount "60"]
[EventDate "2019.09.09"]
[EventType "swiss"]
[EventRounds "9"]
[EventCountry "RUS"]
[SourceTitle "EXT 2020"]
[Source "ChessBase"]
[SourceDate "2019.10.17"]
[SourceVersion "1"]
[SourceVersionDate "2019.10.17"]
[SourceQuality "1"]

1. d4 Nf6 2. c4 g6 3. Nf3 Bg7 4. g3 0-0 5. Bg2 d6 6. Nc3 Nc6 7. d5 Na5 8. Nd2 c6 9. Rb1 cxd5 10. cxd5 Nd7 11. 0-0 Ne5 12. b3 Bf5 13. Nce4 Rc8 14. h3 h5 15. f4 Nd7 16. Bb2 Qb6+ 17. Kh2 Bxe4 18. Nxe4 Bxb2 19. Rxb2 Nc4 20. Rb1 Ne3 21. Qd2 Rc2 22. Qd3 Nxf1+ 23. Rxf1 Rxa2 24. Ng5 Qa6 25. Qd4 Qxe2 26. Rg1 Nf6 27. f5 Qe5 28. Qxe5 dxe5 29. Rc1 Nxd5 30. Kh1 Ne3 0-1

[Event "Voronezh op-B 22nd"]
[Site "Voronezh"]
[Date "2018.06.19"]
[Round "8"]
[White "Bitkinin, Lenar"]
[Black "Aloyan, Mikhail"]
[Result "1-0"]
[WhiteElo "2055"]
[BlackElo "1759"]
[PlyCount "71"]
[EventDate "2018.06.12"]
[EventType "swiss"]
[EventRounds "9"]
[EventCountry "RUS"]
[SourceTitle "CBM 185 Extra"]
[Source "ChessBase"]
[SourceDate "2018.07.29"]
[SourceVersion "1"]
[SourceVersionDate "2018.07.29"]
[SourceQuality "1"]

1. d4 d5 2. Nf3 c6 3. c4 dxc4 4. Nc3 Nf6 5. a4 g6 6. e3 Be6 7. Ne5 Bg7 8. Nxc4 Bd5 9. f3 0-0 10. e4 Bxc4 11. Bxc4 Nbd7 12. 0-0 e5 13. d5 Nb6 14. Bb3 cxd5 15. exd5 Qc7 16. Qe2 Rfd8 17. Rd1 Qc5+ 18. Be3 Qb4 19. Qb5 Qxb5 20. axb5 Ne8 21. d6 Nd7 22. Bxa7 Bf8 23. Ne4 Kg7 24. Kf1 f5 25. Ng5 Nxd6 26. Ne6+ Kf6 27. Be3 Rxa1 28. Bg5+ Kf7 29. Nxd8+ Ke8 30. Rxa1 h6 31. Nxb7 hxg5 32. Ra8+ Ke7 33. Nxd6 Kxd6 34. Bf7 Bg7 35. Bxg6 Ke6 36. Ra6+ 1-0

[Event "Voronezh op-B 22nd"]
[Site "Voronezh"]
[Date "2018.06.14"]
[Round "3"]
[White "Aloyan, Mikhail"]
[Black "Anisimov, V."]
[Result "1-0"]
[WhiteElo "1759"]
[BlackElo "2011"]
[PlyCount "71"]
[EventDate "2018.06.12"]
[EventType "swiss"]
[EventRounds "9"]
[EventCountry "RUS"]
[SourceTitle "CBM 185 Extra"]
[Source "ChessBase"]
[SourceDate "2018.07.29"]
[SourceVersion "1"]
[SourceVersionDate "2018.07.29"]
[SourceQuality "1"]

1. e4 e5 2. Nf3 Nc6 3. Bb5 a6 4. Ba4 Nf6 5. 0-0 b5 6. Bb3 Be7 7. Re1 d6 8. c3 Na5 9. Bc2 c5 10. d4 Qc7 11. a4 b4 12. Nbd2 Bd7 13. cxb4 cxb4 14. Nb3 Nb7 15. a5 Be6 16. Be3 0-0 17. d5 Bg4 18. Bb6 Qb8 19. Qd2 Rc8 20. Rac1 Bxf3 21. gxf3 Nh5 22. Qxb4 Nc5 23. Nxc5 dxc5 24. Qc3 Nf4 25. Ba4 Qd6 26. Kh1 Qg6 27. Rg1 Ne2 28. Rxg6 Nxc3 29. Bc6 hxg6 30. Bxa8 Ne2 31. Re1 Rxa8 32. Rxe2 Kf8 33. Rc2 Rc8 34. Rc4 Ke8 35. b4 Kd7 36. bxc5 1-0